|
|
|
|
| LEADER |
00656nam a2200169Ia 4500 |
| 008 |
101008s1972 xx 000 0 eng d |
| 020 |
|
|
|a 06043998X
|
| 082 |
|
|
|a 519.502 43
|
| 100 |
|
|
|a Levin, Jack
|
| 245 |
|
|
|a Elementary statistics in social research:
|b a workbook/
|c Jack Levin and William C. Levin
|
| 260 |
|
|
|a New York:
|b Harper & Row Publishers Inc.,
|c 1972.
|
| 300 |
|
|
|a 87 Pages
|
| 653 |
|
|
|a Statistics, Social sciences--Statistical methods
|
| 700 |
1 |
|
|9 74686
|a Levin, William C.
|
| 942 |
|
|
|c BK
|
| 999 |
|
|
|c 181155
|d 181155
|
| 952 |
|
|
|0 0
|1 0
|2 ddc
|4 0
|6 519_502000000000000_43_LEV_E
|7 0
|9 200447
|a EDU
|b EDU
|c ST1
|d 2010-10-20
|i 2637
|o 519.502 43 LEV/E
|p EDU2637
|r 2021-11-24
|y BK
|